[Event "CZE-ch Juniors op-A"]
[Site "Kouty nad Desnou"]
[Date "2009.03.14"]
[Round "9"]
[White "Prazak, Pavel"]
[Black "Milfort, Vaclav"]
[Result "1-0"]
[WhiteElo "1910"]
[BlackElo "1733"]
[PlyCount "93"]
[EventDate "2009.03.07"]
[EventType "swiss"]
[EventRounds "9"]
[EventCountry "CZE"]
[SourceTitle "EXT 2011"]
[Source "ChessBase"]
[SourceDate "2010.11.26"]
[SourceVersion "1"]
[SourceVersionDate "2010.11.26"]
[SourceQuality "1"]

1. e4 c5 2. Nf3 d6 3. d4 cxd4 4. Nxd4 a6 5. c4 Nf6 6. Nc3 e6 7. Bg5 Be7 8. Be2 Qc7 9. 0-0 Nc6 10. Nc2 Ne5 11. Ne3 Bd7 12. Bf4 Qc5 13. a3 0-0 14. b4 Qc7 15. Qc2 Rfc8 16. Rac1 Nc6 17. Qd2 Rd8 18. Bg3 Na7 19. f4 Qb6 20. Bf2 Qc7 21. Bg3 Qb6 22. Kh1 Nc6 23. Rcd1 Na7 24. e5 dxe5 25. c5 Qc7 26. fxe5 Bc6 27. Qc2 Nd7 28. Nc4 Nb5 29. Bd3 g6 30. Ne4 Nd4 31. Qf2 Nf5 32. Bf4 Bh4 33. Qf3 Ba4 34. Ra1 Bc6 35. Kg1 b6 36. Qh3 Be7 37. Nf6+ Nxf6 38. exf6 Bxf6 39. Bxc7 Bd4+ 40. Kh1 b5 41. Bxf5 Rd7 42. Bg3 Bxa1 43. Rxa1 exf5 44. Ne5 Rd6 45. cxd6 Bxg2+ 46. Qxg2 Rd8 47. Qd5 1-0